000 00632nam a22001817a 4500
003 BUBTL
008 180123b xxu||||| |||| 00| 0 eng d
020 _a984-495-008-2
082 _a891.443073 / IKA
100 _aইকবাল, মুহম্মদ জাফর
_91778
245 _aআমেরিকা /
_cমুহম্মদ জাফর ইকবাল
260 _aঢাকা :
_bপার্ল পালিকেশন্স,
_cc1997
300 _a159 p. :
_c22 cm.
650 0 _91687
_aবাংলা সাহিত্য
856 _k0
_l0
_yDownload
942 _2ddc
_cBK
999 _c5668
_d5668